| 000 | 00782nam a2200277Ia 4500 | ||
|---|---|---|---|
| 001 | Para_3827 | ||
| 003 | CHAP | ||
| 008 | 220125s1932 xx 000 0 und d | ||
| 010 | _a202348 | ||
| 040 | _cCHAP | ||
| 090 | _aPA FOLLETO 1048 | ||
| 100 |
_aPearson, O. H _986428 |
||
| 245 |
_aTomato production in California / _c O. H. Person and D. R. Porter |
||
| 260 |
_aBerkeley, Cal. : _b University of California |
||
| 300 | _a57 p. | ||
| 440 |
_aCalifornia Agr. Ext. Serv. Circular; 66 _9167496 |
||
| 650 |
_aTomate _x California _9113693 |
||
| 700 |
_aPorter, D. R. _990985 |
||
| 901 | _aPA FOLLETO 1048 | ||
| 902 | _aA | ||
| 905 | _a0000001932 BER 0000000000 00 | ||
| 910 | _a1932 | ||
| 942 | _cPARA | ||
| 942 |
_cPARA _d1 |
||
| 999 |
_c202348 _d202348 |
||